000 00472nam a22001577a 4500
008 210205b xxu||||| |||| 00| 0 eng d
020 _a9937531667
082 _a425/M413m
100 _aMatchett, Sarah
245 _aMaxim of english grammar and composition : A basic skills course in english grammar and composition
260 _aKathmandu:
_bReadmore,
_c2010
300 _a204p. ;ill.
650 _aEnglish language
650 _aEnglish grammar
942 _2ddc
_cISBN
999 _c98141
_d98130